| 000 | 00564ata a2200229 4500 | ||
|---|---|---|---|
| 005 | 20240503142312.0 | ||
| 008 | 150519b2001 xxu||||| |||| 00| 0 spa d | ||
| 020 | _a8495456605 | ||
| 041 | _aESP | ||
| 082 | _a500.078 L826e | ||
| 100 | _aLoeschnig, Louis V. | ||
| 245 | _aExperimentos sencillos de geología y biología | ||
| 260 | _aEspaña | ||
| 260 | _bEdiciones Paidós | ||
| 260 | _c2001 | ||
| 300 | _a124 páginas | ||
| 440 | _aEl juego de la ciencia | ||
| 650 | _aEXPERIMENTOS | ||
| 650 | _aGEOLOGÍA | ||
| 650 | _aBIOLOGÍA | ||
| 942 |
_cBK _2ddc |
||
| 999 |
_c5649 _d5649 |
||